| 000 | 00672nam a2200217 a 4500 | ||
|---|---|---|---|
| 001 | BRCA_4517 | ||
| 005 | 20190320204712.0 | ||
| 008 | 200910s1948----mx-#######---#000-0#spa-# | ||
| 041 | _aspa | ||
| 044 | _amx | ||
| 050 | 4 |
_aHG1521 _b.C66 1948 |
|
| 245 | 1 | 0 |
_aCarta mensual _bnúmero 24. |
| 260 |
_aMéxico _bAsociación de Banqueros de México _c1948 |
||
| 300 |
_ap. 441-579 _c22 cm. |
||
| 500 | _aCarta mensual de la Asociación de Banqueros de México, V. II, No. 24 abril, 1948 | ||
| 500 | _aCFG35 | ||
| 650 | 1 | 4 |
_aBancos y operaciones bancarias _xCongresos _zMéxico _911440 |
| 710 | 2 |
_aAsociación de Banqueros de México _911371 |
|
| 902 | _aGFM | ||
| 942 |
_2lcc _cB |
||
| 999 |
_c4223 _d4223 |
||